Normal view
MARC view
Entry Nombre de reunión
001 - NÚMERO DE CONTROL
- campo de control: 18691
003 - IDENTIFICADOR DEL NÚMERO DE CONTROL
- campo de control: OSt
005 - FECHA Y HORA DE LA ÚLTIMA TRANSACCIÓN
- campo de control: 20200615032637.0
008 - DATOS DE LONGITUD FIJA
- campo de control de longitud fija: 200615|| aca||aabn | a|a d
040 ## - FUENTE DE LA CATALOGACIÓN
- Centro catalogador/agencia de origen: OSt
- Centro/agencia transcriptor: OSt
111 ## - ENCABEZAMIENTO--NOMBRE DE CONGRESO/REUNIÓN
- Nombre de congreso/reunión o jurisdicción como elemento de entrada: Seminario Pacto de Solidaridad Económica y sus Implicaciones Económicas, Sociales y Políticas
- Número del congreso/reunión o número de parte o sección: 12 :
- Fecha del congreso/reunión: (1990:
- Sede del congreso/Lugar de la reunión: Santo Domingo)
670 ## - FUENTE DE DATOS ENCONTRADOS
- Cita de la fuente: Work cat.: (OSt)6505: Seminario Pacto de Solidaridad Económica y sus Implicaciones Económicas, Sociales y Políticas 12 : (1990: Santo Domingo), El pacto de la solidaridad económica y sus implicaciones económicas, sociales y políticas., 1990.
